Tell el-Dabʻa X : the palace district of Avaris : the pottery of the Hyksos period and the kingdom (areas H/III and H/VI) /

محفوظ في:

المؤلف الرئيسي: Fuscaldo, Perla (مؤلف)

مؤلف مشترك: Österreichische Akademie der Wissenschaften.

التنسيق: كتاب

اللغة: English

منشور في: Wien : Verlag der Österreichischen Akademie der Wissenschaften, 2000-2010.

سلاسل: Untersuchungen der Zweigstelle Kairo des Osterreichischen Archaologischen Institutes ; 16, 36.
Denkschriften der Gesamtakademie ; 17, 61.

الموضوعات:

الوسوم: إضافة وسم

لا توجد وسوم, كن أول من يضع وسما على هذه التسجيلة!

رقم الطلب: DT57 .O69 v.16, 36

LEADER 01588namaa2200361 4500
001 23954
003 OSt
005 20260428070739.0
008 130303m20002010au af b 000 0 eng d
020 |a 3700128150 
020 |a 9783700128151 
020 |a 3700166176 
020 |a 9783700166177 
040 |c ARCE Library 
043 |a f-ua--- 
050 4 |a DT57 .O69 v.16, 36  
100 1 |a Fuscaldo, Perla,   |e author  |9 30369 
245 1 0 |a Tell el-Dabʻa X :   |b the palace district of Avaris : the pottery of the Hyksos period and the kingdom (areas H/III and H/VI) /   |c Perla Fuscaldo. 
264 1 |a Wien :   |b Verlag der Österreichischen Akademie der Wissenschaften,   |c 2000-2010. 
300 |a 2 volumes :   |b illustrations, plates ;   |c 31 cm. 
490 1 |a Untersuchungen der Zweigstelle Kairo des Osterreichischen Archaologischen Institutes ;   |v 16, 36. 
490 1 |a Denkschriften der Gesamtakademie ;   |v 17, 61. 
504 |a Includes bibliographical references. 
505 0 |a pt. 1. Locus 66 / graphic design, Elisabeth Majerus, Nicola Math and Marian Negrete Martínez -- pt. 2. Two execration pits and a foundation deposit. 
650 0 |a Excavations (Archaeology)  |z Egypt  |z Ḍabʻah, Tall al-  
651 0 |a Ḍabʻah, Tall al- (Egypt)  |x Antiquities.  
651 0 |a Egypt  |x Antiquities. 
710 2 |a Österreichische Akademie der Wissenschaften. 
830 0 |a Untersuchungen der Zweigstelle Kairo des Osterreichischen Archaologischen Institutes ;   |v 16, 36. 
830 0 |a Denkschriften der Gesamtakademie ;   |v 17, 61. 
901 |a reviewed 
942 |c BK  |2 lcc 
999 |c 20872  |d 20872